| 000 | 00488nam a22001457a 4500 | ||
|---|---|---|---|
| 020 | _qHard Cover. | ||
| 100 | _aJaved , Adnan | ||
| 245 |
_aInteractive Blackboard Architecture for Enterprise Planning /. _cAdnan Javed |
||
| 260 |
_aIslamabad : _bCEME - NUST, _c2016. |
||
| 300 |
_axiii, 97p. ill. ; _c30cm. |
||
| 650 |
_aComputer Software Engieering-MS-Thesis. _932947 |
||
| 700 |
_aDr. Farooque Azam. _917306 |
||
| 942 |
_2ddc _cTHE |
||
| 999 |
_c537877 _d537877 |
||